00501nam a2200157Ia 4500008004100000020001500041082001600056100002400072245009600096250000700192260004200199300003000241500001900271600002700290650002600317240925s9999 xx 000 0 und d a8131701670 a808.066 ROS aRosenberg ,Barry J. 0aSpring into Technical Writing: for engineers and scientists the smart professional's choice aNA aNew Delhi:bPearson Educationc,2005. axxii,617p.bN.AfOriginal aIncludes Index aEngineering Technology aLiterature & rhetoric